[Event "Oberliga Nord W 1920"]
[Site "Germany"]
[Date "2020.02.09"]
[Round "6.7"]
[White "Kohlmann, Arndt"]
[Black "Krueger, Robin Kevin"]
[Result "1/2-1/2"]
[WhiteElo "2028"]
[BlackElo "2039"]
[PlyCount "39"]
[EventDate "2019.09.29"]
[EventType "team-tourn"]
[EventRounds "9"]
[EventCountry "GER"]
[SourceTitle "CBM 195 Extra"]
[Source "ChessBase"]
[SourceDate "2020.05.31"]
[SourceVersion "1"]
[SourceVersionDate "2020.05.31"]
[SourceQuality "1"]

1. e4 e5 2. Nf3 Nc6 3. Bc4 Bc5 4. 0-0 Nf6 5. d3 0-0 6. c3 d5 7. exd5 Nxd5 8. Re1 Bg4 9. h3 Bh5 10. Nbd2 Nb6 11. Ne4 Nxc4 12. Nxc5 Nd6 13. Ne4 Nxe4 14. dxe4 Qxd1 15. Rxd1 Rfd8 16. Be3 f6 17. Kf1 b6 18. Rxd8+ Rxd8 19. Nd2 Bf7 20. Ke2 1/2-1/2

[Event "Niedersachsen-ch op"]
[Site "Verden"]
[Date "2007.01.05"]
[Round "3"]
[White "Hoellmann, Ludger"]
[Black "Kohlmann, Arndt"]
[Result "1/2-1/2"]
[WhiteElo "2093"]
[BlackElo "1964"]
[PlyCount "83"]
[EventDate "2007.01.04"]
[EventType "swiss"]
[EventRounds "7"]
[EventCountry "GER"]
[SourceTitle "EXT 2021"]
[Source "ChessBase"]
[SourceDate "2020.10.23"]
[SourceVersion "1"]
[SourceVersionDate "2020.10.23"]
[SourceQuality "1"]

1. g3 c5 2. c4 Nf6 3. Bg2 g6 4. Nc3 Nc6 5. a3 Bg7 6. Rb1 d6 7. b4 Nd7 8. Nf3 0-0 9. 0-0 Nb6 10. Qb3 Be6 11. d3 d5 12. Ng5 dxc4 13. Nxe6 cxb3 14. Nxd8 Rfxd8 15. bxc5 Bxc3 16. Bxc6 bxc6 17. cxb6 axb6 18. Rxb3 Ba5 19. Be3 Ra6 20. Rc1 Rd6 21. Kg2 b5 22. Bc5 Rd7 23. Kf3 Bc7 24. h4 h5 25. e3 e5 26. Ke2 Kg7 27. Rc2 Kf6 28. Bb4 Bd6 29. Rbc3 c5 30. Bxc5 Bxc5 31. Rxc5 Rxa3 32. Rxb5 Raxd3 33. Rc6+ R3d6 34. Rbb6 Ke6 35. f3 Rxc6 36. Rxc6+ Rd6 37. Rc7 Ra6 38. Rc2 Rd6 39. e4 Kf6 40. Ke3 Ra6 41. Rc3 Ke6 42. Rb3 1/2-1/2

[Event "Niedersachsen-ch U18"]
[Site "Rotenburg/Wuemme"]
[Date "2006.04.13"]
[Round "8"]
[White "Heitmann, Timo"]
[Black "Kohlmann, Arndt"]
[Result "1/2-1/2"]
[WhiteElo "1955"]
[BlackElo "1990"]
[PlyCount "30"]
[EventDate "2006.04.08"]
[EventType "swiss"]
[EventRounds "9"]
[EventCountry "GER"]
[SourceTitle "EXT 2007"]
[Source "ChessBase"]
[SourceDate "2006.11.23"]
[SourceVersion "1"]
[SourceVersionDate "2006.11.23"]
[SourceQuality "1"]

1. d4 d5 2. c4 e6 3. Nc3 Nf6 4. Nf3 Be7 5. Bg5 Nbd7 6. e3 c6 7. Rc1 0-0 8. a3 Re8 9. cxd5 exd5 10. Bd3 Nf8 11. 0-0 Bg4 12. b4 Rc8 13. Qb3 Bxf3 14. gxf3 Qd7 15. Kg2 Ne6 1/2-1/2

[Event "Niedersachsen-ch U18"]
[Site "Rotenburg/Wuemme"]
[Date "2006.04.12"]
[Round "6"]
[White "Meurer, Markus"]
[Black "Kohlmann, Arndt"]
[Result "1-0"]
[WhiteElo "1754"]
[BlackElo "1990"]
[PlyCount "61"]
[EventDate "2006.04.08"]
[EventType "swiss"]
[EventRounds "9"]
[EventCountry "GER"]
[SourceTitle "EXT 2007"]
[Source "ChessBase"]
[SourceDate "2006.11.23"]
[SourceVersion "1"]
[SourceVersionDate "2006.11.23"]
[SourceQuality "1"]

1. e4 c5 2. c3 b6 3. d4 Bb7 4. Bd3 e6 5. Nf3 Nf6 6. Bg5 Be7 7. Nbd2 Nc6 8. a3 d5 9. e5 Nd7 10. Bxe7 Qxe7 11. 0-0 a5 12. Qe2 0-0 13. Rfe1 Rfb8 14. Qe3 Nf8 15. h3 c4 16. Bc2 b5 17. Nh2 b4 18. axb4 axb4 19. f4 Bc8 20. Qg3 bxc3 21. bxc3 Rxa1 22. Rxa1 Rb2 23. Rc1 Qa3 24. Ng4 Ng6 25. Nb1 Qa2 26. Ne3 Nce7 27. Qf2 Qa5 28. g4 Nf8 29. Bxh7+ Nxh7 30. Qxb2 Qc7 31. Na3 1-0

[Event "Niedersachsen-ch U18"]
[Site "Rotenburg/Wuemme"]
[Date "2006.04.11"]
[Round "5"]
[White "Kohlmann, Arndt"]
[Black "Kaphle, Sebastian"]
[Result "0-1"]
[WhiteElo "1990"]
[BlackElo "2064"]
[PlyCount "54"]
[EventDate "2006.04.08"]
[EventType "swiss"]
[EventRounds "9"]
[EventCountry "GER"]
[SourceTitle "EXT 2007"]
[Source "ChessBase"]
[SourceDate "2006.11.23"]
[SourceVersion "1"]
[SourceVersionDate "2006.11.23"]
[SourceQuality "1"]

1. e4 c5 2. Nf3 e6 3. d4 cxd4 4. Nxd4 a6 5. Nc3 Qc7 6. g3 b5 7. Bg2 Bb7 8. 0-0 Nf6 9. Re1 d6 10. a4 b4 11. Nd5 exd5 12. exd5+ Kd8 13. Bg5 Nbd7 14. Qe2 Kc8 15. Qe8+ Qd8 16. Bxf6 Nxf6 17. Bh3+ Kc7 18. Qxf7+ Kb8 19. c4 Qc7 20. Re8+ Nxe8 21. Qxe8+ Ka7 22. Nb5+ axb5 23. axb5+ Kb6 24. Rxa8 Bxa8 25. Qxa8 g6 26. Qa4 Bg7 27. Qxb4 Ra8 0-1

[Event "Niedersachsen-ch U18"]
[Site "Rotenburg/Wuemme"]
[Date "2006.04.09"]
[Round "3"]
[White "Kohlmann, Arndt"]
[Black "Opaska, Ines"]
[Result "1-0"]
[WhiteElo "1990"]
[BlackElo "1777"]
[PlyCount "37"]
[EventDate "2006.04.08"]
[EventType "swiss"]
[EventRounds "9"]
[EventCountry "GER"]
[SourceTitle "EXT 2007"]
[Source "ChessBase"]
[SourceDate "2006.11.23"]
[SourceVersion "1"]
[SourceVersionDate "2006.11.23"]
[SourceQuality "1"]

1. Nf3 f5 2. d3 Nf6 3. e4 fxe4 4. dxe4 Nxe4 5. Bd3 Nf6 6. Ng5 e6 7. Nxh7 d5 8. Bg6+ Ke7 9. Ng5 Qd7 10. Bf4 Nc6 11. 0-0 Nd8 12. Re1 c5 13. Nc3 Qc6 14. Qe2 a6 15. Rad1 b5 16. Qe5 d4 17. Nce4 Nd7 18. Qd6+ Qxd6 19. Bxd6# 1-0

[Event "Niedersachsen-ch"]
[Site "Verden"]
[Date "2006.01.06"]
[Round "4"]
[White "Laake, Tamara"]
[Black "Kohlmann, Arndt"]
[Result "1/2-1/2"]
[WhiteElo "1489"]
[BlackElo "2005"]
[PlyCount "123"]
[EventDate "2006.01.??"]
[EventType "swiss"]
[EventRounds "7"]
[EventCountry "GER"]
[SourceTitle "CBM 110 Extra"]
[Source "ChessBase"]
[SourceDate "2006.03.10"]
[SourceVersion "2"]
[SourceVersionDate "2006.03.10"]
[SourceQuality "1"]

1. e4 c5 2. Nf3 d6 3. d4 cxd4 4. Nxd4 Nf6 5. Nc3 a6 6. Be2 e6 7. 0-0 b5 8. a3 Bb7 9. Bg5 Be7 10. f3 Nbd7 11. Qe1 0-0 12. Rd1 Qc7 13. Kh1 Ne5 14. Qg3 Rfd8 15. Bxf6 Bxf6 16. f4 Nc4 17. Bxc4 bxc4 18. f5 Qc5 19. Nce2 e5 20. Ne6 fxe6 21. fxe6 Rf8 22. Qg4 Be7 23. Ng3 Qe3 24. Nf5 Qg5 25. Qxg5 Bxg5 26. Nxd6 Bc6 27. Rfe1 Bb5 28. Rd5 Be7 29. Red1 Bxd6 30. Rxd6 Rae8 31. b3 cxb3 32. cxb3 Rf1+ 33. Rxf1 Bxf1 34. Kg1 Be2 35. h3 Kf8 36. Kf2 Bb5 37. a4 Ke7 38. Rb6 Bd3 39. Ke3 Bc2 40. a5 Ra8 41. Rb7+ Kf6 42. e7 Re8 43. Rb6+ Kf7 44. b4 Kxe7 45. Rxa6 Ba4 46. Rb6 Ra8 47. a6 Kf8 48. b5 Bxb5 49. Rxb5 Rxa6 50. Rxe5 Kf7 51. Rf5+ Ke6 52. Kf4 h6 53. h4 Rb6 54. g4 Rb1 55. Re5+ Kf6 56. g5+ hxg5+ 57. hxg5+ Kf7 58. Rd5 Ke6 59. Rd3 Rf1+ 60. Rf3 Rg1 61. Rg3 Rf1+ 62. Rf3 1/2-1/2

[Event "Niedersachsen-ch U18"]
[Site "Rotenburg/Wuemme"]
[Date "2005.03.25"]
[Round "9"]
[White "Kuo, Victor"]
[Black "Kohlmann, Arndt"]
[Result "0-1"]
[WhiteElo "1673"]
[BlackElo "1827"]
[PlyCount "62"]
[EventDate "2005.03.19"]
[EventType "swiss"]
[EventRounds "9"]
[EventCountry "GER"]
[SourceTitle "EXT 2007"]
[Source "ChessBase"]
[SourceDate "2006.11.23"]
[SourceVersion "1"]
[SourceVersionDate "2006.11.23"]
[SourceQuality "1"]

1. c4 Nf6 2. g3 e6 3. Bg2 d5 4. cxd5 exd5 5. d4 Bf5 6. Bg5 c6 7. e3 Nbd7 8. Nc3 Bb4 9. Nge2 0-0 10. 0-0 Qb6 11. Qb3 a5 12. a3 Be7 13. Qxb6 Nxb6 14. Bxf6 Bxf6 15. e4 dxe4 16. Nxe4 Be7 17. Nc5 Rab8 18. Nc3 Rfd8 19. Rad1 Nc4 20. b4 Nxa3 21. bxa5 Bc2 22. Rc1 Rxd4 23. N3e4 f5 24. Ne6 Ra4 25. N4c5 Bxc5 26. Nxc5 Rxa5 27. Rxc2 Nxc2 28. Nd3 Ra1 29. Rxa1 Nxa1 30. Nb4 Nb3 31. Bf1 Nd4 0-1

[Event "Niedersachsen-chT U16"]
[Site "Verden"]
[Date "2004.05.21"]
[Round "4.1"]
[White "Stuehmeier, Chris"]
[Black "Kohlmann, Arndt"]
[Result "0-1"]
[WhiteElo "1579"]
[BlackElo "1727"]
[PlyCount "92"]
[EventDate "2004.05.20"]
[EventType "team"]
[EventRounds "7"]
[EventCountry "GER"]
[SourceTitle "EXT 2005"]
[Source "ChessBase"]
[SourceDate "2004.11.15"]
[SourceVersion "1"]
[SourceVersionDate "2004.11.15"]
[SourceQuality "1"]
[WhiteTeam "06"]
[BlackTeam "03"]
[WhiteTeamCountry "GER"]
[BlackTeamCountry "GER"]

1. Nf3 Nf6 2. g3 b6 3. Bg2 Bb7 4. 0-0 e6 5. c4 Be7 6. Nc3 0-0 7. d4 d5 8. cxd5 Nxd5 9. Nd2 Nxc3 10. bxc3 Bxg2 11. Kxg2 c5 12. e3 Nd7 13. Ba3 cxd4 14. Bxe7 Qxe7 15. cxd4 Rac8 16. Qa4 Nf6 17. Rfc1 Nd5 18. Rc4 Qb7 19. Kg1 Nc3 20. Qc2 Ne2+ 21. Kf1 Rxc4 22. Qxc4 Nxg3+ 23. Ke1 Qh1+ 24. Nf1 Nxf1 25. Qxf1 Qxf1+ 26. Kxf1 Rc8 27. Rd1 Kf8 28. Rd2 Ke7 29. Ke2 Kd6 30. a4 Rc4 31. a5 b5 32. Ra2 a6 33. Kd3 e5 34. dxe5+ Kxe5 35. f4+ Kf5 36. h3 f6 37. h4 h5 38. Rg2 g6 39. Ra2 Re4 40. Ra1 Ra4 41. Rc1 Rxa5 42. Ke2 b4 43. Rb1 Rb5 44. Kd3 b3 45. Rb2 a5 46. Kc4 Rb8 0-1

[Event "Niedersachsen-ch U16"]
[Site "Borkum"]
[Date "2004.04.04"]
[Round "2"]
[White "Kohlmann, Arndt"]
[Black "Biller, Eugen"]
[Result "1-0"]
[WhiteElo "1683"]
[BlackElo "1850"]
[PlyCount "113"]
[EventDate "2004.04.??"]
[EventType "swiss"]
[EventRounds "9"]
[EventCountry "GER"]
[SourceTitle "EXT 2005"]
[Source "ChessBase"]
[SourceDate "2004.11.15"]
[SourceVersion "1"]
[SourceVersionDate "2004.11.15"]
[SourceQuality "1"]

1. e4 e6 2. d4 d5 3. Nc3 Nf6 4. Bg5 Bb4 5. e5 h6 6. Bd2 Bxc3 7. Bxc3 Ne4 8. Qg4 g6 9. Ne2 c5 10. dxc5 Nxc3 11. Nxc3 Qc7 12. f4 Qxc5 13. 0-0-0 Bd7 14. Bd3 Qe7 15. Qf3 Nc6 16. Nb5 0-0-0 17. Qe3 Kb8 18. Nd6 Rhg8 19. Ba6 Bc8 20. Bb5 Bd7 21. Rd3 Na5 22. Ra3 Bxb5 23. Rxa5 Ba6 24. Nb5 d4 25. Nxd4 Qc7 26. Nb3 Rc8 27. Rc5 Qe7 28. Rd1 Bc4 29. Rd6 Bxb3 30. Rxc8+ Rxc8 31. Qxb3 g5 32. Qb5 Qc7 33. c3 Rd8 34. Qb4 Rg8 35. fxg5 Rxg5 36. Qh4 a6 37. Qd4 Rg8 38. g3 Qe7 39. Rd7 Qe8 40. Qd6+ Ka7 41. Qc7 Qc8 42. Qxc8 Rxc8 43. Rxf7 Rc5 44. Rf6 Rxe5 45. Rxh6 Re2 46. h4 e5 47. g4 e4 48. Re6 e3 49. g5 Re1+ 50. Kc2 Rh1 51. Rxe3 Rxh4 52. Rg3 Rh8 53. g6 Kb6 54. g7 Rg8 55. Kd3 Kc7 56. Ke4 Kd7 57. Kf5 1-0

[Event "GER-chT U16"]
[Site "Verden"]
[Date "2003.07.08"]
[Round "7.1"]
[White "Chrobak, Frank"]
[Black "Kohlmann, Arndt"]
[Result "0-1"]
[WhiteElo "1579"]
[BlackElo "1488"]
[PlyCount "106"]
[EventDate "2003.07.05"]
[EventType "team"]
[EventRounds "7"]
[EventCountry "GER"]
[SourceTitle "EXT 2005"]
[Source "ChessBase"]
[SourceDate "2004.11.15"]
[SourceVersion "1"]
[SourceVersionDate "2004.11.15"]
[SourceQuality "1"]

1. e4 c6 2. d4 d5 3. e5 Bf5 4. Bd3 Bxd3 5. Qxd3 e6 6. Nf3 Nd7 7. 0-0 Ne7 8. c3 c5 9. Be3 Nc6 10. Nbd2 Be7 11. Rfd1 0-0 12. Nf1 c4 13. Qc2 b5 14. N3d2 Rc8 15. f4 b4 16. g4 bxc3 17. bxc3 Qa5 18. Nf3 Nb6 19. f5 Rb8 20. Ng5 h6 21. f6 hxg5 22. fxe7 Nxe7 23. Bxg5 Nc6 24. Rdc1 Na4 25. Bd2 Rb2 26. Qd1 Rfb8 27. g5 Nb6 28. a4 Nd7 29. Qg4 Ne7 30. h4 Qb6 31. Kh1 Qb3 32. h5 Nf8 33. h6 g6 34. Qf4 Nf5 35. Rd1 Qc2 36. Ne3 Nxe3 37. Qxe3 Qe4+ 38. Qxe4 dxe4 39. Be3 Re2 40. Re1 Rxe1+ 41. Rxe1 Rb3 42. Rc1 a5 43. Rc2 Nd7 44. Kg2 Nb6 45. Kf2 Nd5 46. Ke2 Rxc3 47. Rxc3 Nxc3+ 48. Kd2 Nxa4 49. Kc2 Nb6 50. Bd2 a4 51. Kb2 Nd5 52. Ka3 c3 53. Bc1 e3 0-1

[Event "GER-chT U16"]
[Site "Verden"]
[Date "2003.07.07"]
[Round "6.1"]
[White "Kohlmann, Arndt"]
[Black "Reinkemeier, Tobias"]
[Result "0-1"]
[WhiteElo "1488"]
[BlackElo "1761"]
[PlyCount "28"]
[EventDate "2003.07.05"]
[EventType "team"]
[EventRounds "7"]
[EventCountry "GER"]
[SourceTitle "EXT 2005"]
[Source "ChessBase"]
[SourceDate "2004.11.15"]
[SourceVersion "1"]
[SourceVersionDate "2004.11.15"]
[SourceQuality "1"]

1. d4 Nf6 2. c4 e5 3. dxe5 Ng4 4. Nf3 Bc5 5. e3 Nc6 6. Nc3 Ngxe5 7. Be2 0-0 8. 0-0 Re8 9. b3 d6 10. Bb2 Ng4 11. Qd3 Nb4 12. Qb1 Bxe3 13. fxe3 Nxe3 14. Rc1 Bf5 0-1

[Event "GER-chT U16"]
[Site "Verden"]
[Date "2003.07.05"]
[Round "1.1"]
[White "Nuesken, Nikolas"]
[Black "Kohlmann, Arndt"]
[Result "1-0"]
[WhiteElo "2068"]
[BlackElo "1488"]
[PlyCount "35"]
[EventDate "2003.07.05"]
[EventType "team"]
[EventRounds "7"]
[EventCountry "GER"]
[SourceTitle "EXT 2005"]
[Source "ChessBase"]
[SourceDate "2004.11.15"]
[SourceVersion "1"]
[SourceVersionDate "2004.11.15"]
[SourceQuality "1"]

1. e4 e5 2. Nc3 Nc6 3. Bc4 Nf6 4. d3 Bc5 5. Bg5 h6 6. Bh4 g5 7. Bg3 d6 8. h4 g4 9. h5 Be6 10. Bh4 Qe7 11. Nge2 Nd4 12. Ng3 c6 13. Na4 Bxc4 14. dxc4 0-0-0 15. c3 b5 16. cxd4 Bb4+ 17. Nc3 exd4 18. Qxd4 1-0

[Event "Nord West Cup 05th"]
[Site "Bad Zwischenahn"]
[Date "2003.??.??"]
[Round "4"]
[White "Campe, Uwe"]
[Black "Kohlmann, Arndt"]
[Result "1-0"]
[WhiteElo "1765"]
[BlackElo "1273"]
[PlyCount "33"]
[EventDate "2003.02.??"]
[EventType "swiss"]
[EventRounds "7"]
[EventCountry "GER"]
[SourceTitle "EXT 2004"]
[Source "ChessBase"]
[SourceDate "2003.11.25"]
[SourceVersion "1"]
[SourceVersionDate "2003.11.25"]
[SourceQuality "1"]

1. d4 d5 2. Nf3 Nf6 3. c4 c6 4. Nc3 dxc4 5. e3 Bf5 6. Bxc4 e6 7. 0-0 Bd6 8. Re1 Ne4 9. Bd3 Nxc3 10. bxc3 Bg4 11. e4 0-0 12. e5 Bc7 13. Ba3 Bxf3 14. Qxf3 Re8 15. Re3 Qg5 16. Bxh7+ Kxh7 17. Qxf7 1-0

[Event "Niedersachsen-chT U14"]
[Site "Verden"]
[Date "2001.05.24"]
[Round "2.2"]
[White "Kohlmann, Arndt"]
[Black "Sommer, Matthias"]
[Result "1-0"]
[WhiteElo "1074"]
[BlackElo "1364"]
[PlyCount "107"]
[EventDate "2001.05.??"]
[EventType "team"]
[EventRounds "7"]
[EventCountry "GER"]
[SourceTitle "EXT 2003"]
[Source "ChessBase"]
[SourceDate "2002.11.25"]
[SourceVersion "1"]
[SourceVersionDate "2002.11.25"]
[SourceQuality "1"]

1. f4 e5 2. fxe5 Bc5 3. e3 Nc6 4. d4 Qh4+ 5. g3 Qe4 6. Nf3 Nxd4 7. Nxd4 Qxh1 8. Qg4 g6 9. Nf3 Ne7 10. Kf2 b6 11. Nbd2 Nf5 12. Ne4 d6 13. Qf4 Bb7 14. Bd2 0-0-0 15. Rd1 dxe5 16. Qg4 Bxe3+ 17. Bxe3 h5 18. Qh3 Rxd1 19. Bg2 Qxg2+ 20. Qxg2 Bxe4 21. Qh3 Bxf3 22. Kxf3 Kb8 23. Bg5 Nd4+ 24. Ke4 Nxc2 25. Kxe5 Re8+ 26. Kf6 Rd6+ 27. Kxf7 Re2 28. Bf4 Rc6 29. Qd7 Kb7 30. h4 Rf2 31. Ke7 Ne1 32. Qd5 Rf3 33. Bxc7 Re3+ 34. Be5 Nf3 35. Qd7+ Ka6 36. Qxc6 Nxe5 37. Qc8+ Kb5 38. Kd6 Nf7+ 39. Kd5 Rd3+ 40. Ke6 Nd8+ 41. Kf6 Nc6 42. a4+ Kc5 43. b4+ Kd6 44. b5 Rf3+ 45. Kg7 Ne7 46. Qb8+ Ke6 47. Qe8 Rxg3 48. Qf7+ Kd7 49. Kf8 Re3 50. Qe8+ Kc7 51. Qa8 Nc8 52. Qc6+ Kd8 53. Qf6+ Kd7 54. Qd4+ 1-0

[Event "Niedersachsen-chT U14"]
[Site "Rotenburg"]
[Date "2000.06.17"]
[Round "3.4"]
[White "Kohlmann, Arndt"]
[Black "Heese, Dennis"]
[Result "1-0"]
[WhiteElo "768"]
[BlackElo "330"]
[PlyCount "51"]
[EventDate "2000.06.16"]
[EventType "team"]
[EventRounds "7"]
[EventCountry "GER"]
[SourceTitle "EXT 2003"]
[Source "ChessBase"]
[SourceDate "2002.11.25"]
[SourceVersion "1"]
[SourceVersionDate "2002.11.25"]
[SourceQuality "1"]

1. f4 e6 2. Nf3 Nc6 3. e3 d5 4. Be2 Bd6 5. 0-0 Qf6 6. d4 e5 7. Nxe5 Nxe5 8. fxe5 Qg6 9. exd6 Bh3 10. Bf3 cxd6 11. Nc3 Nf6 12. Bd2 0-0 13. Nxd5 Nxd5 14. Bxd5 Rab8 15. Rf2 Rbe8 16. g3 Bf5 17. c3 Be4 18. Bxe4 Rxe4 19. a4 Rfe8 20. a5 a6 21. b4 Rb8 22. Qc2 b5 23. c4 bxc4 24. Qxc4 Rb5 25. Qc8+ Re8 26. Qxe8# 1-0

[Event "Niedersachsen-chT U14"]
[Site "Rotenburg"]
[Date "2000.06.17"]
[Round "4.4"]
[White "Schmidt, Alexander"]
[Black "Kohlmann, Arndt"]
[Result "0-1"]
[WhiteElo "1033"]
[BlackElo "768"]
[PlyCount "122"]
[EventDate "2000.06.16"]
[EventType "team"]
[EventRounds "7"]
[EventCountry "GER"]
[SourceTitle "EXT 2003"]
[Source "ChessBase"]
[SourceDate "2002.11.25"]
[SourceVersion "1"]
[SourceVersionDate "2002.11.25"]
[SourceQuality "1"]

1. e4 e5 2. Bc4 Nf6 3. Nc3 Nc6 4. Nf3 Bb4 5. Qe2 d6 6. a3 Bc5 7. Nd5 Nxd5 8. Bxd5 Nd4 9. Nxd4 Bxd4 10. c3 Bb6 11. Qf3 0-0 12. Qg3 c6 13. Bb3 Kh8 14. d4 Bc7 15. Bg5 f6 16. Be3 exd4 17. Bxd4 d5 18. e5 fxe5 19. Bc5 e4 20. Qe3 Bf4 21. Qd4 Rf7 22. c4 Qg5 23. Rg1 Bg4 24. h3 Bh5 25. g4 Be5 26. Qe3 Bf4 27. Qd4 Bg6 28. cxd5 cxd5 29. Qxd5 Qf6 30. Bd4 Qa6 31. Bc4 Qa4 32. Bb3 Qe8 33. Kf1 e3 34. Re1 Bd3+ 35. Re2 Bxe2+ 36. Kxe2 exf2+ 37. Kxf2 Bh2+ 38. Qxf7 Qxf7+ 39. Bxf7 Bxg1+ 40. Kxg1 Rf8 41. Ba2 a5 42. h4 Rf4 43. Be6 Rxd4 44. Kg2 Re4 45. Bd5 Rd4 46. Bxb7 Rxg4+ 47. Kh3 Rd4 48. Bc8 Rd2 49. b4 a4 50. b5 Rd3+ 51. Kg4 Rxa3 52. b6 Rb3 53. b7 a3 54. Kg5 Rb5+ 55. Kg4 a2 56. Be6 a1Q 57. Bd5 Qd4+ 58. Kg3 Qxd5 59. Kf2 Qd3 60. Ke1 Qc2 61. Kf1 Rb1# 0-1